LEADER 00907nam a2200217 i 4500 001 991000941979707536 008 101112s1994 it 000 0 fre 035 $ab13935562-39ule_inst 040 $aDip.to Studi Storici$bita 082 04$a929.40945 245 00$aGenése medievale de l'anthroponymie moderne :$bl'éspace italien : actes de la Table ronde de Rome, 8-9 mars 1993 260 $aRome :$bEcole française de Rome,$c1994 300 $aP. 314-743 ;$c25 cm. 440 0$aMélanges de l'Ecole française de Rome.$pMoyen age ;$v106,2 650 4$aOnomastica$xItalia$xOrigini 907 $a.b13935562$b02-04-14$c12-11-10 912 $a991000941979707536 945 $aLE009 Per. St. 363.106,2$g1$lle009$o-$pE0.00$q-$rn$so $t0$u0$v0$w0$x0$y.i15195995$z12-11-10 996 $aGenése medievale de l'anthroponymie moderne$9250550 997 $aUNISALENTO 998 $ale009$b12-11-10$cm$da $e-$ffre$git $h0$i0 LEADER 02044nas 2200649-a 450 001 9910147329003321 005 20260218111735.0 011 $a1868-8551 035 $a(CKB)954925573925 035 $a(CONSER)---00243539- 035 $a(DE-599)ZDB2584909-8 035 $a(DE-599)2584909-8 035 $a(EXLCZ)99954925573925 100 $a20000426b19942005 --- - 101 0 $ager 181 $ctxt$2rdacontent 182 $cc$2rdamedia 183 $acr$2rdacarrier 200 00$aALTEX $eAlternativen zu Tierexperimenten 210 $aHeidelberg $cSpektrum Akademischer Verlag 215 $a1 online resource 300 $aRefereed/Peer-reviewed 311 08$aPrint version: ALTEX : 0946-7785 (DLC) 00243539 (OCoLC)45463726 517 3 $aAlternativen zu Tierexperimenten 531 $aALTEX ALTERN TIEREXP 531 $aALTEX AL TI 531 10$aALTEX 606 $aAnimal experimentation$vPeriodicals 606 $aAnimal models in research$vPeriodicals 606 $aAnimal Testing Alternatives 606 $aAnimal Welfare 606 $aDierproeven$2gtt 606 $aAlternatieven$2gtt 606 $aProefdieren$2gtt 606 $aVivisectie$2gtt 606 $aBiomedische techniek$2gtt 606 $aAnimal experimentation$2fast$3(OCoLC)fst00809161 606 $aAnimal models in research$2fast$3(OCoLC)fst00809302 608 $aPeriodical. 608 $aPeriodicals.$2fast 615 0$aAnimal experimentation 615 0$aAnimal models in research 615 12$aAnimal Testing Alternatives. 615 22$aAnimal Welfare. 615 17$aDierproeven. 615 17$aAlternatieven. 615 17$aProefdieren. 615 17$aVivisectie. 615 17$aBiomedische techniek. 615 7$aAnimal experimentation. 615 7$aAnimal models in research. 712 02$aMitteleuropa?ische Gesellschaft fu?r Alternativmethoden zu Tierversuchen. 906 $aJOURNAL 912 $a9910147329003321 920 $aexl_impl conversion 996 $aALTEX$92065968 997 $aUNINA